000 00621nam a2200205 i 4500
001 50058
003 ES-MaACL
005 20230906162120.0
007 t|
008 030729s1972 sp ||||1| spa d
245 0 3 _aEl cristianismo de cara al futuro /
_cJ. Mª de Llanos ... [et al.].
260 _aSalamanca :
_bSecretariado Trinitario,
_c[1972]
300 _a215 p. ;
_c19 cm.
490 1 _aMundo y Dios ;
_v3
650 4 _aCristianismo-
_xHistoria-
_yS.XX.
_9160094
700 1 _aLlanos, José María de.
_972709
830 1 _aMundo y Dios ;
_v3
_9230117
852 _aES-MaACL
_jC-50154
999 _c50058
_d50058